000 00357nam a2200145Ia 4500
008 230312s9999||||xx |||||||||||||| ||und||
020 _a978-0-470-47959
082 _a005.968
_bKRE-P
100 _aKain,Richard
245 0 _aAdvanced Computer Architecture
260 _bWiley
_aCanada
_c2009
300 _a381
650 _aComputer
_vComputer
942 _cBK
999 _c15821
_d15821